| 000 | 00747nam a2200241 a 4500 | ||
|---|---|---|---|
| 001 | BRCA_5619 | ||
| 005 | 20190320205144.0 | ||
| 008 | 210211t1952----sp-a######---#000-0#spa-# | ||
| 041 | _aspa | ||
| 044 | _asp | ||
| 050 | 4 |
_aNK2270 _b.S36 1952 |
|
| 100 | 1 |
_aSchmitz, Hermann _99529 |
|
| 245 | 1 | 0 |
_aHistoria del mueble _bestilos del mueble desde la antigüedad hasta mediados del siglo XIX _cHermann Schmitz ; tr. del alemán por José Ontañón. |
| 250 | _a3 | ||
| 260 |
_aBarcelona _bG. Gili _c1952 |
||
| 300 |
_a87 p. _bil., 320 láminas _c30 cm. |
||
| 500 | _aIncluye índice de láminas y sumario | ||
| 500 | _aF97 | ||
| 650 | 1 | 4 |
_aMuebles _xHistoria _94173 |
| 710 | 2 |
_aOntañón, José _eTraductor _914320 |
|
| 902 | _aGFM | ||
| 942 |
_2lcc _cB |
||
| 999 |
_c5313 _d5313 |
||